Quelque dates de la seconde guerre mondiale - Statistiques

Statistiques générales
  • Ce quiz a été pris 296 fois
  • Le résultat moyen est 10 sur 20
Statistiques - réponses
Hint Réponse % Correct
Débarquement de Normandie 6 juin 1944
93%
Début de l'invasion de la Pologne par l'Allemagne et début de la seconde guerre mondiale 1er septembre 1939
76%
Adolf Hitler est nommé chancelier 30 janvier 1933
73%
Capitulation de l'Allemagne 8 mai 1945
73%
Capitulation du Japon 2 septembre 1945
66%
Suicide d'Adolf Hitler 30 avril 1945
62%
Attaque du Japon de la base naval américaine de Pearl Harbor 7 décembre 1941
62%
Bombardement atomique d'Hiroshima par les américains 6 aout 1945
60%
Début du règne d'Hirohito 25 décembre 1926
43%
Fin de la bataille de Stalingrad 2 février 1943
41%
Libération du camp d'Auschwitz-Birkenau par les soviétiques 27 janvier 1945
38%
Fin de la bataille de France et signature de l'armistice avec l'Allemagne 22 juin 1940
37%
Début de l'opération Barbarossa 22 juin 1941
35%
Début de la conférence de Yalta 4 février 1945
33%
Début de l'invasion par l'Allemagne de la Belgique, des Pays-Bas, du Luxembourg et de la France 10 mai 1940
32%
Début de la bataille de Stalingrad 20 aout 1942
32%
Marche sur Rome de Benito Mussolini 30 octobre 1922
30%
Début de l'invasion par l'Allemagne du Danemark et de la Norvège 9 avril 1940
26%
Début de la bataille de Midway 4 juin 1942
24%
Création du camp d'Auschwitz-Birkenau 27 avril 1940
15%
Aucun quiz correspondant
Distribution des résultats
% des personnes avec chaque résultat
Percentile par nombre de réponses
Votre historique - résultats
Vous n’avez pas pris ce quiz